| 000 | 00000nam##2200000za#4500 |
| 001 | 9.689255 |
| 003 | CaOODSP |
| 005 | 20210624231819 |
| 007 | cr ||||||||||| |
| 008 | 150407|2007||||xxc|||||o f|0| 0 eng|d |
| 020 | |a978-0-662-45024-5 |
| 040 | |aCaOODSP|beng |
| 043 | |an-cn--- |
| 086 | 1 |aH21-286/1-2007E-PDF |
| 110 | 1 |aCanada.|bHealth Canada. |bHealth Policy Branch. |
| 245 | 10|aPrimary Health Care Transition Fund. Chronic disease prevention and management : |h[electronic resource]|bglass half empty, glass half full / |cprepared by Peter Sargious. |
| 246 | 3 |aSynthesis series on sharing insights |
| 260 | |aOttawa - Ontario : |bHealth Canada. |cMarch 2007. |
| 300 | |a42p.|bfigs., references |
| 590 | |a11-17-Supp|b2011-09-12 |
| 690 | 07|aChronic diseases|2gcpds |
| 720 | 1 |aSargious, Peter |
| 775 | 08|tFonds pour l'adaptation des soins de santé primaires. Prévention et gestion des maladies chroniques : |w(CaOODSP)9.633674 |
| 856 | 40|ahttp://publications.gc.ca|qPDF|s621 KB|uhttps://publications.gc.ca/collections/collection_2011/sc-hc/H21-286-1-2007-eng.pdf |
| 986 | |aHC Pub.: 1249 |